| 000 | 00388nam a2200145Ia 4500 | ||
|---|---|---|---|
| 008 | 150201s2011 xx 000 0 und d | ||
| 082 |
_a617.601 _bP2011H |
||
| 100 | _aHIREMATH,S.S. | ||
| 245 | _aTEXT BOOK OF PREVENTIVE & COMMUNITY DENTISTRY | ||
| 250 | _a2ND | ||
| 260 |
_bELSEVIER _aDELHI _c2011 |
||
| 300 | _a1-557 | ||
| 650 | _aPREVENTIVE AND COMMUNITY DENTISTRY | ||
| 942 |
_2ddc _cBK _04 |
||
| 999 |
_c4732 _d4732 |
||